Paladins champions (2024) - Statistics

General Stats
  • This quiz has been taken 195 times
  • The average score is 41 of 59
Answer Stats
Champion % Correct
Viktor
91%
Fernando
85%
Seris
82%
Kinessa
81%
Makoa
81%
Pip
81%
Strix
81%
Inara
80%
Maeve
80%
Barik
79%
Grover
79%
Androxus
78%
Khan
77%
Bomb King
76%
Evie
76%
Skye
76%
Jenos
75%
Moji
75%
Terminus
75%
Vivian
75%
Zhin
75%
Ying
74%
Ruckus
73%
Torvald
73%
Ash
72%
Mal'damba
72%
Lex
71%
Lian
71%
Atlas
70%
Io
70%
Cassie
69%
Corvus
69%
Furia
69%
Sha Lin
69%
Talus
69%
Tyra
69%
Yagorath
69%
Drogoz
68%
Betty La Bomba
66%
Koga
66%
Grohk
65%
Raum
65%
VII
65%
Willo
65%
Imani
64%
Buck
63%
Dredge
62%
Azaan
61%
Rei
61%
Nyx
60%
Vatu
60%
Tiberius
56%
Omen
55%
Vora
55%
Caspian
53%
Lilith
52%
Octavia
52%
Saati
50%
Kasumi
46%
No matching quizzes found
Score Distribution
Percent of People with Each Score
Percentile by Number Answered
Your Score History
You have not taken this quiz